<?xml version="1.0" encoding="UTF-8"?>
<marc:record xmlns:marc="http://www.loc.gov/MARC21/slim">
   <marc:leader>00000nam a2200000 a 4500</marc:leader>
   <marc:datafield ind1="1" ind2=" " tag="100">
      <marc:subfield code="a">Crane, Nicholas</marc:subfield>
      <marc:subfield code="4">aut</marc:subfield>
      <marc:subfield code="e">Verfasser/-in</marc:subfield>
   </marc:datafield>
   <marc:datafield ind1=" " ind2=" " tag="653">
      <marc:subfield code="a">?ABENTEURER</marc:subfield>
   </marc:datafield>
   <marc:datafield ind1=" " ind2=" " tag="653">
      <marc:subfield code="a">?ENTDECKUNG</marc:subfield>
   </marc:datafield>
   <marc:datafield ind1=" " ind2=" " tag="653">
      <marc:subfield code="a">?Erzählung</marc:subfield>
   </marc:datafield>
   <marc:datafield ind1=" " ind2=" " tag="653">
      <marc:subfield code="a">?WELT</marc:subfield>
   </marc:datafield>
   <marc:datafield ind1=" " ind2=" " tag="653">
      <marc:subfield code="a">?wahre Geschichte</marc:subfield>
   </marc:datafield>
   <marc:datafield ind1=" " ind2=" " tag="653">
      <marc:subfield code="a">Historische Romane und Erzählungen</marc:subfield>
   </marc:datafield>
   <marc:datafield ind1=" " ind2=" " tag="653">
      <marc:subfield code="a">?18. Jahrhundert</marc:subfield>
   </marc:datafield>
   <marc:datafield ind1="0" ind2="0" tag="245">
      <marc:subfield code="a">Breitengrad</marc:subfield>
   </marc:datafield>
   <marc:datafield ind1="0" ind2="0" tag="245">
      <marc:subfield code="b">die wahre Geschichte der Abenteurer, die unsere Welt formten ; Erzählung ; Historischer Roman</marc:subfield>
   </marc:datafield>
   <marc:datafield ind1="0" ind2="0" tag="245">
      <marc:subfield code="c">Nicholas Crane</marc:subfield>
   </marc:datafield>
   <marc:datafield ind1=" " ind2="1" tag="264">
      <marc:subfield code="a">Zürich</marc:subfield>
      <marc:subfield code="b">minedition</marc:subfield>
      <marc:subfield code="c">2022</marc:subfield>
   </marc:datafield>
   <marc:datafield ind1=" " ind2=" " tag="250">
      <marc:subfield code="a">1. Auflage</marc:subfield>
   </marc:datafield>
   <marc:datafield ind1="1" ind2=" " tag="520">
      <marc:subfield code="a">Gefährliche Forschungsreise zum Äquator: Welche exakte Gestalt hat die Erde? Um das herauszufinden, reist 1735 eine internationale Gruppe von Wissenschaftlern um die halbe Welt. Ihr Ziel: Die Vermessung eines vollen Breitengrads. Schon die Seefahrt von Frankreich nach Südamerika ist zermürbend. Was folgt, stellt die harten Monate an Bord weit in den Schatten: Auf der Suche nach der magischen Zahl erklimmen die Forscher Vulkane, durchqueren Dschungel und sind tödlichen Gefahren ausgesetzt. Nicholas Crane, ehemaliger Präsident der Royal Geographical Society, erzählt die Geschichte von zwölf Männern, deren Expedition zukunftsweisend für die sichere Navigation war. - Rund, länglich oder abgeflacht? Die Suche nach der wahren Form der Erde. - Packendes Sachbuch über die zehnjährige Forschungsexpedition durch Südamerika. - Was bedeutete die Vermessung des Planeten für Navigation und Kartographie? - Nützliche Entdeckungen im Dschungel: Kautschuk und Chinin. - Kenntnisreicher Einblick in die Arbeit berühmter Forscher und Entdecker im 18. Jahrhundert. Navigieren und Reisen nach der Breitengrad-Vermessung. Im Zeitalter des GPS fällt es schwer, den Stellenwert der strapaziösen Expedition durch Südamerika zu begreifen. Doch ohne die Kenntnis der Erdgestalt sind Karten ungenau. Menschenleben wären verloren gegangen, und die exakte Lage von Städten und Flüssen wäre nie bekannt geworden. Die Forscher, die ein Jahrzehnt später nach Frankreich zurückkehrten, haben Pionierarbeit geleistet und unschätzbare Entdeckungen gemacht. Ihre Erkenntnisse befeuerten das öffentliche Interesse an der Wissenschaft. Nicholas Crane verwebt die historischen Biografien der Expeditionsteilnehmer zu einer Erzählung, die sich wie ein spannender Roman liest: Informativ und unterhaltsam zugleich!</marc:subfield>
   </marc:datafield>
   <marc:datafield ind1=" " ind2=" " tag="020">
      <marc:subfield code="a">9783038765554</marc:subfield>
      <marc:subfield code="9">9783038765554</marc:subfield>
   </marc:datafield>
   <marc:datafield ind1=" " ind2=" " tag="020">
      <marc:subfield code="a">3038765554</marc:subfield>
      <marc:subfield code="9">3038765554</marc:subfield>
   </marc:datafield>
   <marc:datafield ind1=" " ind2=" " tag="300">
      <marc:subfield code="a">288 Seiten</marc:subfield>
   </marc:datafield>
</marc:record>
